000 00663nam a2200229Ia 4500
003 OSt
005 20220928131821.0
006 a|||||r|||| 00| 0
007 ta
008 220927b |||||||| |||| 00| 0 eng d
024 _a37684
037 _cReference Collections
040 _aSDCL
_cSDCL
_beng
041 _2eng
_aeng
082 _aD6,8(B)k, L6 RR
100 _aRalston Anthony Ed.
_9478149
245 0 _aEncyclopedia of computer science.
260 _aNew York
_b Petrocelli
_c1976
300 _axxviii,1523p.
_ccm.
942 _hD6,8(B)k, L6 RR
_cREF
_2CC
999 _c792754
_d792754